[Event "Autunno Scacchistico Magistrale"]
[Site "Venezia ITA"]
[Date "2002.10.??"]
[Round "4"]
[White "Pietrobon, Fabio"]
[Black "Rombaldoni, Denis"]
[Result "1-0"]
[WhiteElo "2222"]
[BlackElo "2061"]
[PlyCount "105"]
[EventDate "2002.10.31"]

1. d4 d5 2. Nf3 Nf6 3. Bf4 e6 4. e3 Bd6 5. Bg3 Ne4 6. Nbd2 Nxg3 7. hxg3 Nd7 8.
e4 dxe4 9. Nxe4 Be7 10. Bd3 b6 11. Qe2 Bb7 12. O-O-O h6 13. Ne5 c6 14. Qh5 Nxe5
15. dxe5 Qc7 16. f4 g6 17. Qe2 O-O-O 18. Ba6 h5 19. Bxb7+ Kxb7 20. c4 a6 21.
Kc2 Ka7 22. a3 c5 23. Rxd8 Rxd8 24. Rd1 Rd7 25. Rxd7 Qxd7 26. Qd3 Qxd3+ 27.
Kxd3 Kb7 28. a4 Kc6 29. b3 Kc7 30. Kc3 Kc6 31. Kb2 Kc7 32. Ka2 Kb7 33. a5 b5
34. cxb5 axb5 35. Nd6+ Ka6 36. Nxf7 Kxa5 37. Kb2 c4 38. bxc4 bxc4 39. Nh8 g5
40. Ng6 Bc5 41. fxg5 Be3 42. Kc3 Bxg5 43. Kxc4 Kb6 44. Nf8 Kc6 45. Nxe6 Be7 46.
Nd4+ Kd7 47. Kd5 Bg5 48. e6+ Ke8 49. Nf5 Bf6 50. Kd6 Bg5 51. Ng7+ Kf8 52. Nxh5
Bd2 53. e7+ 1-0

[Event "Autunno Scacchistico Magistrale"]
[Site "Venezia ITA"]
[Date "2002.10.??"]
[Round "4"]
[White "Ramesa, Marin"]
[Black "Navarro, Emanuele"]
[Result "1-0"]
[WhiteElo "2137"]
[BlackElo "2126"]
[PlyCount "61"]
[EventDate "2002.10.31"]

1. d4 Nf6 2. Nf3 e6 3. c4 Bb4+ 4. Bd2 Qe7 5. g3 b6 6. Bg2 Bb7 7. O-O Bxd2 8.
Nbxd2 d5 9. Qc2 c5 10. cxd5 exd5 11. dxc5 bxc5 12. Rac1 Nbd7 13. Nb3 Rc8 14.
Na5 Ba6 15. Qa4 Qd6 16. b4 cxb4 17. Nc6 Bc4 18. Nxb4 O-O 19. Nd4 Nc5 20. Qd1 a5
21. Nbc6 Rfe8 22. Nxa5 Bxa2 23. Qc2 Qb6 24. Qxa2 Ra8 25. Ndc6 Re6 26. Qc2 Nfe4
27. Kh1 h5 28. f3 Rxc6 29. Nxc6 Nb3 30. fxe4 Nxc1 31. Qxc1 1-0

[Event "Autunno Scacchistico Magistrale"]
[Site "Venezia ITA"]
[Date "2002.10.??"]
[Round "4"]
[White "Redo, Giorgio"]
[Black "Faccia, Sergio"]
[Result "1/2-1/2"]
[WhiteElo "1957"]
[BlackElo "2017"]
[PlyCount "93"]
[EventDate "2002.10.31"]

1. f4 d5 2. Nf3 Nf6 3. b3 g6 4. Bb2 Bg7 5. g3 O-O 6. Bg2 c6 7. O-O Bf5 8. d3
Qb6+ 9. Bd4 c5 10. Bb2 Ng4 11. Bxg7 Kxg7 12. Qc1 d4 13. Nbd2 Ne3 14. Nc4 Nxc4
15. bxc4 f6 16. Rb1 Qc7 17. e4 Bg4 18. e5 Nc6 19. exf6+ exf6 20. Re1 Rae8 21.
Nd2 Rxe1+ 22. Qxe1 Rf7 23. Ne4 Re7 24. Qd2 b6 25. h3 Bc8 26. Re1 Bb7 27. a3 Nd8
28. Qf2 f5 29. Ng5 Bxg2 30. Kxg2 Qc6+ 31. Kg1 Qe8 32. Rxe7+ Qxe7 33. Kf1 Nf7
34. h4 Nxg5 35. hxg5 h6 36. gxh6+ Kxh6 37. Qh2+ Kg7 38. Qe2 Qxe2+ 39. Kxe2 g5
40. Kf3 gxf4 41. Kxf4 Kf6 42. a4 a6 43. g4 fxg4 44. Kxg4 Kg6 45. Kf4 Kf6 46.
Ke4 Ke6 47. Kf4 1/2-1/2

[Event "Autunno Scacchistico Magistrale"]
[Site "Venezia ITA"]
[Date "2002.10.??"]
[Round "4"]
[White "Solinas, Carlo"]
[Black "Rossato, Armando"]
[Result "0-1"]
[WhiteElo "2083"]
[BlackElo "2206"]
[PlyCount "102"]
[EventDate "2002.10.31"]

1. e4 e6 2. d4 b6 3. Nf3 Bb7 4. Bd3 Nf6 5. e5 Ne4 6. Qe2 d5 7. Nbd2 Nxd2 8.
Bxd2 Be7 9. O-O a5 10. Ne1 Ba6 11. Qg4 g6 12. f4 Kd7 13. Qf3 c6 14. Rc1 Bxd3
15. Nxd3 Na6 16. c4 Nc7 17. cxd5 Nxd5 18. Rc2 Rc8 19. Rfc1 Rc7 20. a3 Qa8 21.
b4 axb4 22. Bxb4 Bxb4 23. Nxb4 Rhc8 24. f5 gxf5 25. Qh5 Ne7 26. d5 cxd5 27.
Rxc7+ Rxc7 28. Rxc7+ Kxc7 29. Qxf7 Kd7 30. Nd3 Qxa3 31. Ne1 Qe3+ 32. Kf1 Qxe5
33. Nf3 Qa1+ 34. Kf2 Qb2+ 35. Kf1 Qh8 36. Ng5 Qa1+ 37. Ke2 Qb2+ 38. Kd3 Qe5 39.
Nxh7 Qe4+ 40. Kc3 d4+ 41. Kb3 Qd5+ 42. Ka3 Kd6 43. Qf8 Qc5+ 44. Ka2 Kd5 45.
Qa8+ Nc6 46. Nf6+ Kc4 47. Qa4+ Kc3 48. Kb1 Qb4+ 49. Qxb4+ Nxb4 50. g4 d3 51.
gxf5 exf5 0-1

[Event "Autunno Scacchistico Magistrale"]
[Site "Venezia ITA"]
[Date "2002.10.??"]
[Round "4"]
[White "Tomescu, Vlad"]
[Black "Cacco, Christian"]
[Result "1/2-1/2"]
[WhiteElo "2432"]
[BlackElo "2298"]
[PlyCount "121"]
[EventDate "2002.10.31"]

1. e4 g6 2. d4 Bg7 3. c4 c5 4. d5 d6 5. Nc3 e6 6. Nge2 exd5 7. cxd5 Nf6 8. f3
Na6 9. Nb5 O-O 10. Nec3 Nh5 11. Be3 f5 12. Qd2 f4 13. Bf2 Nb8 14. a4 a6 15. Na3
Nd7 16. Nc4 Ne5 17. a5 Nxc4 18. Bxc4 Bd7 19. O-O Be5 20. Rfb1 Qf6 21. Ra3 Rac8
22. Ne2 Rc7 23. b4 cxb4 24. Qxb4 Bc8 25. Bb3 g5 26. Nd4 Ng7 27. Bd1 Bd7 28. Rc3
Rfc8 29. Rbc1 Qd8 30. Qb6 Rxc3 31. Qxd8+ Rxd8 32. Rxc3 Rc8 33. Rxc8+ Bxc8 34.
Ba4 Kf8 35. g3 Ke7 36. Kg2 Bd7 37. Bxd7 Kxd7 38. gxf4 Bxf4 39. Ne2 Bd2 40. Bb6
Nh5 41. Kh3 Nf6 42. Kg3 h6 43. Kf2 g4 44. Nd4 gxf3 45. Kxf3 Bc3 46. Kf4 h5 47.
h3 Ke8 48. Kf5 Kf7 49. Nf3 Nd7 50. Bd8 Nc5 51. e5 dxe5 52. Nxe5+ Ke8 53. Bc7
Nb3 54. d6 Bxe5 55. Kxe5 Kd7 56. Kd5 b5 57. axb6 Na5 58. h4 Nb7 59. Kc4 a5 60.
Kd5 a4 61. Kc4 1/2-1/2

[Event "Autunno Scacchistico Magistrale"]
[Site "Venezia ITA"]
[Date "2002.10.??"]
[Round "4"]
[White "Trabert, Bettina"]
[Black "Bosiocic, Marin"]
[Result "0-1"]
[WhiteElo "2319"]
[BlackElo "2135"]
[PlyCount "98"]
[EventDate "2002.10.31"]

1. e4 c5 2. Nf3 d6 3. d4 cxd4 4. Nxd4 Nf6 5. Nc3 Nc6 6. Bg5 e6 7. Qd2 Nxd4 8.
Qxd4 Be7 9. O-O-O O-O 10. f3 a6 11. h4 Qa5 12. Qd2 b5 13. a3 Rb8 14. Kb1 Qc7
15. Na2 Rd8 16. Bd3 a5 17. c3 e5 18. g4 Be6 19. Bxf6 Bxf6 20. g5 Be7 21. h5 d5
22. exd5 Rxd5 23. Qc2 Bxg5 24. Bxh7+ Kh8 25. Bf5 Qe7 26. Bxe6 Qxe6 27. Nc1 Rbd8
28. Rxd5 Qxd5 29. Qf5 Bh6 30. Re1 f6 31. Rg1 Qd2 32. Qg4 Rb8 33. Qg2 Qf4 34.
Qe2 b4 35. axb4 axb4 36. cxb4 Qf5+ 37. Qd3 Qxh5 38. b5 Qe8 39. Rd1 Rxb5 40. Qc4
Rb8 41. Nd3 Rc8 42. Nc5 Qg6+ 43. Ka2 Qg2 44. Qc3 Qf2 45. Rd5 Be3 46. Nd3 Rxc3
47. Nxf2 Rc2 48. Ng4 Bd4 49. Rb5 Re2 0-1

[Event "Autunno Scacchistico Magistrale"]
[Site "Venezia ITA"]
[Date "2002.10.??"]
[Round "4"]
[White "Vancini, Edoardo"]
[Black "Rigo, Gianfrancesco"]
[Result "1/2-1/2"]
[WhiteElo "2285"]
[BlackElo "2003"]
[PlyCount "104"]
[EventDate "2002.10.31"]

1. e4 e6 2. d3 d5 3. Nd2 Nf6 4. Ngf3 b6 5. g3 Bb7 6. Bg2 Be7 7. O-O c5 8. Re1
Nc6 9. c3 Qc7 10. a3 dxe4 11. dxe4 Rd8 12. e5 Nd7 13. Qe2 O-O 14. Nf1 b5 15. b4
a6 16. Bf4 Nb6 17. Ne3 Na4 18. Rac1 Qb6 19. Ng5 Nxe5 20. Nxh7 Nd3 21. Nxf8 Nxe1
22. Rxe1 Bxg2 23. Nxg2 Kxf8 24. Qc2 Bf6 25. c4 cxb4 26. axb4 Qd4 27. c5 Qxb4
28. Bd6+ Kg8 29. Re4 Qc3 30. Qa2 Nxc5 31. Bxc5 Qxc5 32. Qxa6 Rd1+ 33. Re1 Rxe1+
34. Nxe1 Qc1 35. Qa8+ Kh7 36. Qe4+ g6 37. Kg2 Qc4 38. Qb7 Qd5+ 39. Qxd5 exd5
40. Nd3 Bc3 41. Kf3 Kh6 42. Nf4 d4 43. Ke4 Kg5 44. f3 Kf6 45. Ne2 Kg5 46. Nxd4
f5+ 47. Kd3 Bxd4 48. Kxd4 f4 49. Kc5 Kh5 50. Kxb5 g5 51. gxf4 g4 52. fxg4+ Kxg4
1/2-1/2

[Event "Autunno Scacchistico Magistrale"]
[Site "Venezia ITA"]
[Date "2002.10.??"]
[Round "4"]
[White "Viola, Matteo"]
[Black "Lain, Luigi"]
[Result "0-1"]
[WhiteElo "1913"]
[BlackElo "2199"]
[PlyCount "116"]
[EventDate "2002.10.31"]

1. d4 d5 2. e4 dxe4 3. Nc3 Nf6 4. f3 exf3 5. Nxf3 Bg4 6. h3 Bh5 7. g4 Bg6 8.
Bc4 e6 9. Ne5 Bd6 10. Qf3 c6 11. Nxg6 hxg6 12. O-O Bc7 13. g5 Qxd4+ 14. Be3 Qe5
15. Rf2 Qg3+ 16. Qxg3 Bxg3 17. Rf3 Nh5 18. Raf1 Nd7 19. Rxf7 Ne5 20. Bxe6 Nxf7
21. Bxf7+ Kd7 22. Bxg6 Be5 23. Rf7+ Ke6 24. Rxb7 Nf4 25. Bxf4 Bxf4 26. Rxg7
Bxg5 27. Be4 Bf6 28. Rc7 Bxc3 29. bxc3 Rhc8 30. Rxc6+ Rxc6 31. Bxc6 Rc8 32. Ba4
Rxc3 33. Bb3+ Ke5 34. Kg2 Kf4 35. Kf2 Rxh3 36. Ke2 Ke4 37. Kd2 Kd4 38. a4 Rh2+
39. Kd1 a5 40. Bf7 Kc3 41. Bg6 Rh1+ 42. Ke2 Ra1 43. Be8 Kxc2 44. Bb5 Rd1 45.
Ke3 Kc3 46. Ke2 Rd6 47. Ke1 Kb3 48. Ke2 Rd4 49. Ke3 Kc3 50. Ke2 Rd6 51. Ke1 Kc2
52. Ke2 Re6+ 53. Kf3 Kc3 54. Kf2 Kd4 55. Kf3 Kd5 56. Kf2 Kd6 57. Kf3 Re5 58.
Kf2 Rxb5 0-1

[Event "Autunno Scacchistico Magistrale"]
[Site "Venezia ITA"]
[Date "2002.10.??"]
[Round "5"]
[White "Bosiocic, Marin"]
[Black "Doric, Darko"]
[Result "1/2-1/2"]
[WhiteElo "2135"]
[BlackElo "2226"]
[PlyCount "73"]
[EventDate "2002.10.31"]

1. e4 c5 2. Nf3 d6 3. c3 Nf6 4. Be2 g6 5. O-O Bg7 6. Re1 O-O 7. Bf1 Bg4 8. h3
Bxf3 9. Qxf3 Nc6 10. Na3 Rb8 11. Qd1 Nd7 12. Nc2 e5 13. d4 a6 14. b4 cxb4 15.
cxb4 Re8 16. b5 axb5 17. Bxb5 d5 18. exd5 Na7 19. Rb1 Nxb5 20. Rxb5 Ra8 21. Ne3
Bf8 22. a4 e4 23. Rxb7 Rb8 24. Rxb8 Nxb8 25. Bd2 Qb6 26. Qa1 Bg7 27. Bc3 Rc8
28. Qb2 Qxb2 29. Bxb2 f5 30. g3 Kf7 31. Kf1 Na6 32. d6 Rc6 33. Ba3 Ke8 34. Nd5
Bxd4 35. d7+ Kxd7 36. Rd1 Bc5 37. Bxc5 1/2-1/2

[Event "Autunno Scacchistico Magistrale"]
[Site "Venezia ITA"]
[Date "2002.10.??"]
[Round "5"]
[White "Cacco, Christian"]
[Black "Maksimenko, Andrei"]
[Result "1/2-1/2"]
[WhiteElo "2298"]
[BlackElo "2507"]
[PlyCount "46"]
[EventDate "2002.10.31"]

1. d4 g6 2. Nf3 Bg7 3. g3 c5 4. c3 Qc7 5. Bg2 Nf6 6. O-O d6 7. dxc5 Qxc5 8. Be3
Qh5 9. Na3 Nc6 10. Qa4 O-O 11. Qh4 Qxh4 12. Nxh4 Bd7 13. h3 Rab8 14. Rac1 Rfc8
15. Nb1 b5 16. Nd2 a5 17. b3 d5 18. f4 e6 19. Nhf3 b4 20. c4 Ne4 21. Nxe4 dxe4
22. Ne5 Nxe5 23. fxe5 Bxe5 1/2-1/2

[Event "Autunno Scacchistico Magistrale"]
[Site "Venezia ITA"]
[Date "2002.10.??"]
[Round "5"]
[White "Drazic, Sinisa"]
[Black "Mufic, Goran"]
[Result "1-0"]
[WhiteElo "2465"]
[BlackElo "2354"]
[PlyCount "93"]
[EventDate "2002.10.31"]

1. e4 c5 2. Nf3 g6 3. d4 cxd4 4. Nxd4 Bg7 5. c4 Nf6 6. Nc3 Nc6 7. Be3 O-O 8.
Be2 d6 9. O-O Bd7 10. f3 Nxd4 11. Bxd4 a5 12. b3 Bc6 13. Qd2 Nd7 14. Be3 Nc5
15. Rab1 Qb6 16. Rfc1 Qb4 17. Rc2 Rfc8 18. Qc1 Qb6 19. Bf1 Qd8 20. Qd2 b6 21.
Rcc1 h5 22. Re1 Kh7 23. Rbd1 Rab8 24. Bf2 Bh6 25. Qc2 Qh8 26. Nd5 e6 27. Ne7
Rc7 28. Nxc6 Rxc6 29. g3 Qf6 30. Qe2 Bg7 31. f4 e5 32. f5 Bh6 33. Bh3 Qg5 34.
Rf1 Rf8 35. Kh1 Kh8 36. Qf3 gxf5 37. Bxf5 Ne6 38. h4 Qf6 39. Qxh5 Ng7 40. Qf3
a4 41. Rd3 axb3 42. axb3 Ne6 43. Qd1 Qe7 44. Kh2 Ra8 45. Qh5 Kg7 46. Be3 Rh8
47. Qg4+ 1-0

[Event "Autunno Scacchistico Magistrale"]
[Site "Venezia ITA"]
[Date "2002.10.??"]
[Round "5"]
[White "Lain, Luigi"]
[Black "Vancini, Edoardo"]
[Result "0-1"]
[WhiteElo "2199"]
[BlackElo "2285"]
[PlyCount "48"]
[EventDate "2002.10.31"]

1. d4 Nf6 2. c4 Nc6 3. Nc3 e5 4. d5 Ne7 5. Nf3 Ng6 6. e3 Bb4 7. Bd2 Bxc3 8.
Bxc3 Ne4 9. Bb4 d6 10. Qc2 f5 11. Bd3 O-O 12. O-O-O Nc5 13. Be2 a5 14. Bc3 f4
15. Nd2 fxe3 16. fxe3 Qg5 17. Bd3 Qxe3 18. Be4 Rf2 19. Rde1 Qh6 20. Rhf1 Nxe4
21. Qxe4 Bf5 22. Qe3 Rxf1 23. Nxf1 Nf4 24. Bd2 Qg6 0-1

[Event "Autunno Scacchistico Magistrale"]
[Site "Venezia ITA"]
[Date "2002.10.??"]
[Round "5"]
[White "Mileto, Gabriele"]
[Black "Halmeenmaki, Tuomo"]
[Result "1-0"]
[WhiteElo "2210"]
[BlackElo "2173"]
[PlyCount "67"]
[EventDate "2002.10.31"]

1. e4 Nf6 2. e5 Nd5 3. d4 d6 4. Nf3 dxe5 5. Nxe5 g6 6. Bc4 c6 7. O-O Bg7 8. c3
O-O 9. Nd2 Nd7 10. Ndf3 Nxe5 11. Nxe5 Be6 12. Bb3 c5 13. Nf3 c4 14. Bc2 Bg4 15.
h3 Bxf3 16. Qxf3 e6 17. Be4 b5 18. Bf4 a5 19. a3 Re8 20. Rfe1 Qd7 21. Be5 f6
22. Bg3 f5 23. Bxd5 Qxd5 24. Qe3 Ra7 25. Be5 Rd7 26. Bxg7 Kxg7 27. Qf4 Qc6 28.
Re5 Rd5 29. Rae1 Rxe5 30. Rxe5 Qd6 31. Rxf5 Qxf4 32. Rxf4 e5 33. Re4 Kf6 34. f4
1-0

[Event "Autunno Scacchistico Magistrale"]
[Site "Venezia ITA"]
[Date "2002.10.??"]
[Round "5"]
[White "Molina, Fabrizio"]
[Black "Artizzu, Giulio"]
[Result "1-0"]
[WhiteElo "2253"]
[BlackElo "2044"]
[PlyCount "43"]
[EventDate "2002.10.31"]

1. c4 Nf6 2. Nc3 g6 3. g3 Bg7 4. Bg2 O-O 5. e4 d6 6. Nge2 c5 7. O-O Nc6 8. d3
Rb8 9. Rb1 a6 10. a3 b5 11. cxb5 axb5 12. b4 cxb4 13. axb4 Nd7 14. Be3 e6 15.
Qd2 Re8 16. Rfc1 Nde5 17. Kh1 d5 18. Bf4 dxe4 19. Nxe4 Qb6 20. Bh6 Bh8 21. Qg5
Nxd3 22. Rc5 1-0

[Event "Autunno Scacchistico Magistrale"]
[Site "Venezia ITA"]
[Date "2002.10.??"]
[Round "5"]
[White "Navarro, Emanuele"]
[Black "Di Lazzaro, Gabriele"]
[Result "1/2-1/2"]
[WhiteElo "2126"]
[BlackElo "1985"]
[PlyCount "115"]
[EventDate "2002.10.31"]

1. e4 d5 2. exd5 Qxd5 3. Nc3 Qd6 4. d4 Nf6 5. Nf3 Bg4 6. Be2 a6 7. Be3 e6 8.
Qd2 Nc6 9. O-O-O O-O-O 10. Ng5 Qd7 11. f3 Bf5 12. g4 Bg6 13. a3 h6 14. Nge4 Be7
15. h4 Nd5 16. Nxd5 exd5 17. Ng3 Rde8 18. h5 Bh7 19. Bd3 Bxd3 20. Qxd3 Bf6 21.
Bf2 Na5 22. Rhe1 Nc4 23. Nf1 Qb5 24. Qc3 Bg5+ 25. Kb1 Be7 26. Ka2 Bd6 27. Ne3
Nxe3 28. Bxe3 Re6 29. Bf2 Rhe8 30. Rxe6 Rxe6 31. Re1 Re2 32. Rxe2 Qxe2 33. Qe3
Qc4+ 34. Kb1 Qf1+ 35. Qe1 Qxe1+ 36. Bxe1 Bf4 37. b3 Kd7 38. c4 Ke6 39. Kc2 dxc4
40. bxc4 c6 41. a4 b5 42. Kb3 Bd6 43. d5+ Kd7 44. dxc6+ Kxc6 45. cxb5+ axb5 46.
axb5+ Kxb5 47. Bc3 g6 48. Bd4 gxh5 49. gxh5 Bf4 50. Kc3 Kc6 51. Kd3 Kd5 52. Bg7
f5 53. Bf8 Ke6 54. Bg7 Kf7 55. Bd4 Ke6 56. Be3 Ke5 57. Bd4+ Kd5 58. Be3 1/2-1/2

[Event "Autunno Scacchistico Magistrale"]
[Site "Venezia ITA"]
[Date "2002.10.??"]
[Round "5"]
[White "Navarro, Stefano"]
[Black "Pechy, Alaster"]
[Result "0-1"]
[WhiteElo "2126"]
[BlackElo "1900"]
[PlyCount "123"]
[EventDate "2002.10.31"]

1. e4 c5 2. Nf3 d6 3. d4 cxd4 4. Nxd4 Nf6 5. Nc3 a6 6. Bg5 e6 7. f4 Be7 8. Qf3
Qa5 9. O-O-O O-O 10. g4 Bd7 11. Bh4 Rc8 12. Qe2 Rxc3 13. bxc3 Qxc3 14. Qd3 Qa1+
15. Kd2 Qxa2 16. Bg2 Qa5+ 17. c3 Qa2+ 18. Qc2 Qxc2+ 19. Nxc2 Nc6 20. Bxf6 Bxf6
21. Ke3 Be7 22. c4 Be8 23. Ra1 Rc8 24. Rhb1 Rc7 25. g5 e5 26. h4 f6 27. Bf1 Bf7
28. Kf3 exf4 29. Kxf4 fxg5+ 30. hxg5 Ne5 31. Ne3 Ng6+ 32. Kf5 Be8 33. Kg4 Bd7+
34. Kg3 Be6 35. Rb6 Bxg5 36. Nd5 Bxd5 37. cxd5 Be3 38. Rb3 Bf4+ 39. Kg4 Rf7 40.
Rab1 b5 41. Ra3 Ne5+ 42. Kh3 Nc4 43. Bxc4 bxc4 44. Rxa6 Be5 45. Rc6 c3 46. Rb8+
Rf8 47. Rb7 h5 48. Kh4 Rf4+ 49. Kxh5 Kh7 50. Kg5 Rxe4 51. Kf5 Rf4+ 52. Ke6 Rf6+
53. Kd7 g5 54. Rb4 Kg6 55. Re4 Kf5 56. Re1 Rh6 57. Rf1+ Ke4 58. Rd1 Kf4 59.
Rc4+ Kf3 60. Rd3+ Ke2 61. Rdxc3 Bxc3 62. Rxc3 0-1

[Event "Autunno Scacchistico Magistrale"]
[Site "Venezia ITA"]
[Date "2002.10.??"]
[Round "5"]
[White "Opacic, Alexandar"]
[Black "Solinas, Carlo"]
[Result "0-1"]
[WhiteElo "2088"]
[BlackElo "2083"]
[PlyCount "140"]
[EventDate "2002.10.31"]

1. e4 e5 2. Nf3 Nc6 3. Bc4 Nf6 4. Ng5 Bc5 5. Nxf7 Bxf2+ 6. Kf1 Qe7 7. Nxh8 d5
8. exd5 Nd4 9. d6 cxd6 10. Be2 Nxe2 11. Qxe2 Bb6 12. h3 e4 13. d3 e3 14. Ke1 d5
15. c3 d4 16. a4 Qe5 17. Rf1 Be6 18. a5 Qg3+ 19. Rf2 Qxf2+ 20. Qxf2 exf2+ 21.
Kxf2 Bc7 22. g4 O-O-O 23. Ra4 Rxh8 24. c4 Nd7 25. b4 Ne5 26. Ke2 Ng6 27. b5 Re8
28. Kd1 Bf4 29. Nd2 Bxd2 30. Bxd2 Ne5 31. Kc2 Rf8 32. c5 Nf3 33. a6 Nxd2 34.
Kxd2 Rf7 35. Rxd4 bxa6 36. bxa6 Rd7 37. Re4 Bf7 38. Kc3 Bg6 39. Re3 Kc7 40. d4
Kc6 41. Re6+ Kb5 42. c6 Rd8 43. Re7 Kxc6 44. Rxa7 Kb6 45. Rxg7 Kxa6 46. Re7
Rc8+ 47. Kb4 Kb6 48. Re6+ Kc7 49. h4 Kd7 50. Ra6 Bd3 51. Ra3 Rc4+ 52. Kb3 Rxd4
53. Kc3 Rd6 54. g5 Bf5 55. Ra7+ Ke6 56. h5 Rd3+ 57. Kc4 Rg3 58. Ra6+ Ke5 59. g6
hxg6 60. Ra5+ Kf4 61. hxg6 Bxg6 62. Ra1 Be4 63. Rf1+ Ke5 64. Rf8 Bd5+ 65. Kb4
Kd4 66. Rf4+ Be4 67. Rh4 Rg8 68. Ka5 Kc5 69. Ka4 Bd5 70. Ka3 Rg2 0-1

[Event "Autunno Scacchistico Magistrale"]
[Site "Venezia ITA"]
[Date "2002.10.??"]
[Round "5"]
[White "Pegoraro, Nicola"]
[Black "Pietrobon, Fabio"]
[Result "0-1"]
[WhiteElo "2077"]
[BlackElo "2222"]
[PlyCount "50"]
[EventDate "2002.10.31"]

1. e4 c5 2. Nf3 d6 3. d4 cxd4 4. Nxd4 Nf6 5. Nc3 e6 6. Bc4 Be7 7. Be3 Nc6 8.
Qe2 a6 9. g4 Nxd4 10. Bxd4 e5 11. Be3 Bxg4 12. f3 Bh5 13. O-O-O Rc8 14. Bb3 O-O
15. Rhg1 Bg6 16. Qf2 Rxc3 17. bxc3 Qa5 18. Rd3 Rc8 19. c4 b5 20. cxb5 Qxb5 21.
Qd2 d5 22. Rxg6 hxg6 23. exd5 Bd6 24. Rc3 Ba3+ 25. Kb1 Qf1+ 0-1

[Event "Autunno Scacchistico Magistrale"]
[Site "Venezia ITA"]
[Date "2002.10.??"]
[Round "5"]
[White "Ramesa, Davor"]
[Black "Tomescu, Vlad"]
[Result "1-0"]
[WhiteElo "2118"]
[BlackElo "2432"]
[PlyCount "64"]
[EventDate "2002.10.31"]

1. c4 e5 2. g3 Nc6 3. Bg2 Nf6 4. Nc3 Bc5 5. e3 d5 6. cxd5 Nb4 7. d3 Nfxd5 8.
Na4 Be7 9. a3 Nc6 10. b4 a5 11. b5 Na7 12. Rb1 O-O 13. Ne2 c6 14. bxc6 Nxc6 15.
O-O Rb8 16. d4 b5 17. Nac3 Nxc3 18. Nxc3 exd4 19. exd4 Qxd4 20. Nxb5 Qf6 21.
Bf4 Bf5 22. Bxb8 Bxb1 23. Bd6 Rd8 24. Bxc6 Bxd6 25. Qxb1 Bxg3 26. hxg3 Qxc6 27.
a4 h5 28. Qf5 Rd5 29. Qe4 Qd7 30. Re1 Rd1 31. Rxd1 Qxd1+ 32. Kg2 g6 1-0

[Event "Autunno Scacchistico Magistrale"]
[Site "Venezia ITA"]
[Date "2002.10.??"]
[Round "5"]
[White "Ramesa, Marin"]
[Black "Pastres, Roberto"]
[Result "1/2-1/2"]
[WhiteElo "2137"]
[BlackElo "2195"]
[PlyCount "103"]
[EventDate "2002.10.31"]

1. d4 f5 2. Nc3 d5 3. f3 Nf6 4. Bg5 g6 5. Qd2 Bg7 6. Bh6 Bxh6 7. Qxh6 c5 8. e3
Nc6 9. Nge2 Be6 10. dxc5 Bf7 11. Nd4 Nd7 12. O-O-O Nxc5 13. Nb3 Nxb3+ 14. axb3
Qa5 15. Bb5 Rc8 16. Qg7 Rg8 17. Qe5 Qxb5 18. Nxb5 Nxe5 19. Nxa7 Rd8 20. Nb5 e6
21. Nd4 Ke7 22. b4 Nc6 23. c3 Nxd4 24. exd4 f4 25. g4 g5 26. h4 h6 27. h5 Ra8
28. Kc2 Be8 29. Kd2 Bb5 30. Rhe1 Ra2 31. Rb1 Rga8 32. Kc2 Be8 33. Rh1 Bf7 34.
Rhe1 Bg8 35. Kb3 R2a6 36. Rbc1 Bf7 37. Rb1 Kf6 38. Rbc1 Be8 39. Kc2 Bb5 40. Rb1
Bc4 41. Rbd1 Re8 42. Re5 Ke7 43. Rc1 Kd6 44. Rb1 Ra2 45. Rc1 Rea8 46. Ree1 R8a3
47. Rb1 Bb5 48. Re5 Bd7 49. Ree1 Kc6 50. Kd3 Ra6 51. Kd2 Kb5 52. Kd3 1/2-1/2

[Event "Autunno Scacchistico Magistrale"]
[Site "Venezia ITA"]
[Date "2002.10.??"]
[Round "5"]
[White "Rombaldoni, Denis"]
[Black "Redo, Giorgio"]
[Result "0-1"]
[WhiteElo "2061"]
[BlackElo "1957"]
[PlyCount "54"]
[EventDate "2002.10.31"]

1. d4 c5 2. d5 e5 3. dxe6 fxe6 4. c4 Nf6 5. Nc3 d5 6. Bf4 Nc6 7. Nf3 a6 8. e3
d4 9. exd4 cxd4 10. Ne2 e5 11. Bd2 e4 12. Ng5 h6 13. Nh3 Ne5 14. Nef4 g5 15.
Nh5 Bxh3 16. Nxf6+ Qxf6 17. Qh5+ Kd8 18. Qxh3 Rc8 19. Rc1 Bc5 20. b4 e3 21.
fxe3 dxe3 22. Bc3 Bd4 23. Kd1 Qd6 24. Kc2 Nxc4 25. Qxc8+ Kxc8 26. Bxd4 Qxd4 27.
Kb3 Qb2+ 0-1

[Event "Autunno Scacchistico Magistrale"]
[Site "Venezia ITA"]
[Date "2002.10.??"]
[Round "5"]
[White "Ronchetti, Niccolo'"]
[Black "Rigo, Gianfrancesco"]
[Result "1-0"]
[WhiteElo "2233"]
[BlackElo "2003"]
[PlyCount "81"]
[EventDate "2002.10.31"]

1. e4 e6 2. d4 d5 3. e5 c5 4. c3 Nc6 5. Nf3 Qb6 6. a3 Nh6 7. b4 cxd4 8. Bxh6
gxh6 9. cxd4 Rg8 10. Nc3 Rg4 11. h3 Rxd4 12. Nxd4 Qxd4 13. Qxd4 Nxd4 14. Bd3
Bd7 15. Ne2 Nc6 16. f4 a5 17. b5 Na7 18. a4 Bc5 19. Bxh7 Nc8 20. Bc2 Nb6 21.
Bb3 Rc8 22. Kd2 Ke7 23. Rac1 f6 24. exf6+ Kxf6 25. Rhf1 Be8 26. g4 Ke7 27. Ng3
Kd6 28. f5 e5 29. h4 Nd7 30. Ke2 Bf7 31. Rfd1 Rg8 32. Ne4+ Ke7 33. Nxc5 Nxc5
34. Rxc5 Rxg4 35. Bxd5 Bh5 36. Bf3 Rg2+ 37. Ke3 Rg3 38. Rf1 Kf6 39. Ke2 Rg2+
40. Ke1 Bxf3 41. Rxf3 1-0

[Event "Autunno Scacchistico Magistrale"]
[Site "Venezia ITA"]
[Date "2002.10.??"]
[Round "5"]
[White "Rossato, Armando"]
[Black "Roberti, Ignazio"]
[Result "1-0"]
[WhiteElo "2206"]
[BlackElo "2032"]
[PlyCount "55"]
[EventDate "2002.10.31"]

1. d4 Nf6 2. Nf3 b6 3. e3 Bb7 4. Bd3 e6 5. Nbd2 d5 6. O-O Nbd7 7. b3 Be7 8. Bb2
O-O 9. Re1 Re8 10. c4 Bf8 11. Qc2 Rc8 12. Rac1 c5 13. Ne5 Qc7 14. Nxd7 Qxd7 15.
dxc5 dxc4 16. Nxc4 Rxc5 17. Bxf6 gxf6 18. b4 Rh5 19. Qd1 Qd5 20. e4 Qg5 21. Re3
Kh8 22. Be2 Rh4 23. Qd7 Re7 24. Qd8 Qh6 25. h3 Ba6 26. Nd6 Bxe2 27. Rc8 Rxh3
28. Rxh3 1-0

[Event "Autunno Scacchistico Magistrale"]
[Site "Venezia ITA"]
[Date "2002.10.??"]
[Round "5"]
[White "Skembris, Spyridon"]
[Black "Genocchio, Daniele"]
[Result "1-0"]
[WhiteElo "2426"]
[BlackElo "2345"]
[PlyCount "53"]
[EventDate "2002.10.31"]

1. d4 f5 2. g3 g6 3. Bg2 Bg7 4. Nf3 Nh6 5. O-O O-O 6. c4 d6 7. Nc3 e6 8. Bg5
Qe8 9. e4 Nf7 10. exf5 Nxg5 11. Nxg5 gxf5 12. Re1 e5 13. c5 e4 14. Ncxe4 Qg6
15. h4 Nc6 16. h5 Qh6 17. Qb3+ Kh8 18. Nxd6 Qxg5 19. Nf7+ Rxf7 20. Qxf7 Be6 21.
Rxe6 Bxd4 22. Rd1 Rg8 23. Rxd4 Nxd4 24. Re8 b6 25. Rxg8+ Qxg8 26. Qf6+ Qg7 27.
Qd8+ 1-0

[Event "Autunno Scacchistico Magistrale"]
[Site "Venezia ITA"]
[Date "2002.10.??"]
[Round "5"]
[White "Trabert, Bettina"]
[Black "Bianchi, Andrea"]
[Result "1-0"]
[WhiteElo "2319"]
[BlackElo "2131"]
[PlyCount "118"]
[EventDate "2002.10.31"]

1. e4 e5 2. Nf3 Nf6 3. Nc3 Nc6 4. d4 exd4 5. Nxd4 Bb4 6. Nxc6 bxc6 7. Bd3 d5 8.
exd5 cxd5 9. O-O O-O 10. Bg5 c6 11. Na4 Be6 12. c3 Be7 13. Re1 Nd7 14. Bxe7
Qxe7 15. Qc2 Nf6 16. b4 Qd6 17. Nc5 Rfe8 18. h3 Re7 19. Rad1 Rae8 20. Qd2 Bc8
21. Rxe7 Qxe7 22. Qf4 Qe5 23. Qxe5 Rxe5 24. f4 Re8 25. Kf2 Kf8 26. Kf3 h5 27.
Rd2 Ke7 28. Re2+ Kd6 29. Rxe8 Nxe8 30. Ke3 g6 31. Nb3 Ng7 32. Nd4 Bd7 33. Nf3
Bf5 34. Ne5 Be6 35. Kd4 Ne8 36. Bc2 Ng7 37. Bd3 Ne8 38. Be2 Nf6 39. Bf3 Nd7 40.
Nxd7 Bxd7 41. g4 hxg4 42. hxg4 f5 43. g5 Be6 44. Be2 Bf7 45. Ba6 Be6 46. c4
dxc4 47. Bxc4 Bxc4 48. Kxc4 Kc7 49. Kc5 Kd7 50. a4 Kc7 51. b5 cxb5 52. Kxb5 Kb7
53. Kc5 Kc7 54. Kd5 Kd7 55. Kc5 Kc7 56. Kb5 Kb7 57. Ka5 Kc7 58. Ka6 Kb8 59. a5
Ka8 1-0